[Event "FRA-chT2 0910"]
[Site "France"]
[Date "2010.01.24"]
[Round "7.5"]
[White "Luce, Sebastien"]
[Black "Coudray, Frederic"]
[Result "1/2-1/2"]
[WhiteElo "2328"]
[BlackElo "2043"]
[PlyCount "77"]
[EventDate "2009.09.27"]
[EventType "team-tourn"]
[EventRounds "11"]
[EventCountry "FRA"]
[SourceTitle "EXT 2011"]
[Source "ChessBase"]
[SourceDate "2010.11.26"]
[SourceVersion "1"]
[SourceVersionDate "2010.11.26"]
[SourceQuality "1"]

1. Nf3 Nf6 2. c4 g6 3. b3 Bg7 4. Bb2 c5 5. g3 b6 6. Bg2 Bb7 7. 0-0 0-0 8. Nc3 Na6 9. Rc1 Nc7 10. d4 cxd4 11. Qxd4 Ne6 12. Qd2 Nc5 13. Rfd1 d6 14. Ne1 Bxg2 15. Nxg2 Nfe4 16. Nxe4 Nxe4 17. Qc2 Bxb2 18. Qxb2 Qd7 19. Qd4 Nf6 20. Ne3 Qb7 21. Nd5 Nxd5 22. Qxd5 Qxd5 23. cxd5 Rfc8 24. e4 a5 25. Kf1 Rc5 26. Ke2 Rac8 27. Rxc5 Rxc5 28. f4 f6 29. Kd3 f5 30. Rd2 Kf7 31. Kd4 fxe4 32. Kxe4 Rc1 33. g4 b5 34. Ke3 Kf6 35. Ke4 Re1+ 36. Kf3 Rf1+ 37. Kg3 Rg1+ 38. Kf3 Rf1+ 39. Kg3 1/2-1/2

[Event "Paris op"]
[Site "Paris"]
[Date "1996.??.??"]
[Round "7"]
[White "Anagnostopoulos, Dimitrios"]
[Black "Luce, Sebastien"]
[Result "1-0"]
[WhiteElo "2460"]
[BlackElo "2405"]
[PlyCount "51"]
[EventDate "1996.04.??"]
[EventType "swiss"]
[EventRounds "9"]
[EventCountry "FRA"]
[SourceTitle "EXT 1997"]
[Source "ChessBase"]
[SourceDate "1996.11.15"]
[SourceVersion "1"]
[SourceVersionDate "1996.11.15"]
[SourceQuality "1"]

1. e4 e6 2. d4 d5 3. Nd2 dxe4 4. Nxe4 Nd7 5. Nf3 Ngf6 6. Nxf6+ Nxf6 7. Bd3 c5 8. dxc5 Bxc5 9. Qe2 Qc7 10. Bd2 a6 11. 0-0-0 b6 12. Ne5 Bb7 13. f4 0-0 14. Rhf1 Bd5 15. g4 Qb7 16. g5 Ne8 17. c4 Bg2 18. Rg1 Bxg1 19. Rxg1 Bc6 20. Bxh7+ Kxh7 21. Rg3 Rh8 22. g6+ fxg6 23. Nxg6 Nf6 24. Qxe6 Bg2 25. Ne7 Qd7 26. Qf7 1-0

[Event "Paris op"]
[Site "Paris"]
[Date "1996.??.??"]
[Round "9"]
[White "Markowski, Tomasz"]
[Black "Luce, Sebastien"]
[Result "1-0"]
[WhiteElo "2535"]
[BlackElo "2405"]
[PlyCount "42"]
[EventDate "1996.04.??"]
[EventType "swiss"]
[EventRounds "9"]
[EventCountry "FRA"]
[SourceTitle "EXT 1997"]
[Source "ChessBase"]
[SourceDate "1996.11.15"]
[SourceVersion "1"]
[SourceVersionDate "1996.11.15"]
[SourceQuality "1"]

1. g3 c6 2. Nf3 d5 3. Bg2 g6 4. c4 dxc4 5. Na3 Qd5 6. 0-0 Bg7 7. Nc2 Na6 8. Ne3 Qc5 9. Qa4 Be6 10. Rb1 Nf6 11. b3 cxb3 12. Nd4 Qb4 13. Qxb4 Nxb4 14. Nxe6 bxa2 15. Nxg7+ Kf8 16. Ne6+ fxe6 17. Ra1 Kg7 18. d3 b5 19. Bd2 a5 20. Rfc1 Nbd5 21. Nxd5 Ng4 1-0

[Event "FRA-ch"]
[Site "Toulouse"]
[Date "1995.??.??"]
[Round "14"]
[White "Luce, Sebastien"]
[Black "Relange, Eloi"]
[Result "0-1"]
[WhiteElo "2415"]
[BlackElo "2455"]
[PlyCount "84"]
[EventDate "1995.08.??"]
[EventType "tourn"]
[EventRounds "15"]
[EventCountry "FRA"]
[EventCategory "8"]
[SourceTitle "EXT 1998"]
[Source "ChessBase"]
[SourceDate "1997.11.17"]
[SourceVersion "1"]
[SourceVersionDate "1997.11.17"]
[SourceQuality "1"]

1. Nf3 Nf6 2. c4 g6 3. b3 Bg7 4. Bb2 0-0 5. g3 d6 6. d4 c5 7. Bg2 Nc6 8. 0-0 cxd4 9. Nxd4 Bd7 10. e3 a6 11. Nc3 Qa5 12. Qe2 Rfc8 13. Rfc1 Rab8 14. Bf1 e5 15. Nxc6 Bxc6 16. e4 b5 17. Qe1 Ba8 18. cxb5 axb5 19. Nxb5 Qxe1 20. Rxc8+ Rxc8 21. Rxe1 Nxe4 22. Rc1 Rd8 23. b4 Nd2 24. Bg2 Nf3+ 25. Kh1 g5 26. a4 g4 27. Nc7 Be4 28. a5 d5 29. b5 d4 30. b6 Bh6 31. Rd1 Rb8 32. Ba3 d3 33. Bb4 d2 34. Ra1 Rd8 35. Bxd2 Bxd2 36. a6 Bc3 37. Rc1 Ba5 38. b7 Bxc7 39. Bxf3 Bxf3+ 40. Kg1 Kg7 41. h3 Bb8 42. hxg4 Rd1+ 0-1

[Event "FRA-chT"]
[Site "France"]
[Date "1994.??.??"]
[Round "4"]
[White "Luce, Sebastien"]
[Black "Lefebvre, Herve"]
[Result "1-0"]
[WhiteElo "2390"]
[BlackElo "2140"]
[PlyCount "105"]
[EventDate "1994.??.??"]
[EventType "team"]
[EventRounds "11"]
[EventCountry "FRA"]
[SourceTitle "EXT 1999"]
[Source "ChessBase"]
[SourceDate "1998.11.16"]
[SourceVersion "1"]
[SourceVersionDate "1998.11.16"]
[SourceQuality "1"]

1. Nf3 Nf6 2. c4 c5 3. Nc3 e6 4. g3 b6 5. Bg2 Bb7 6. 0-0 Be7 7. b3 0-0 8. d4 cxd4 9. Qxd4 Nc6 10. Qf4 Qb8 11. Rd1 Nb4 12. Bb2 Qxf4 13. gxf4 d5 14. Ne5 Rad8 15. a3 Nc6 16. cxd5 Nxe5 17. fxe5 Nxd5 18. Nxd5 Bxd5 19. Bxd5 Rxd5 20. Rxd5 exd5 21. Rc1 a5 22. Rc7 Bc5 23. Rd7 d4 24. Bxd4 Bxd4 25. Rxd4 Rb8 26. a4 Kf8 27. Rd5 Ke7 28. Rb5 Kd7 29. f4 Kc6 30. Kf2 Rd8 31. Kf3 g6 32. b4 axb4 33. Rxb4 Rd1 34. Ke3 Kc5 35. Rb5+ Kc6 36. Rb3 Ra1 37. Rc3+ Kd7 38. Rd3+ Ke7 39. Rd4 Ra3+ 40. Ke4 Rh3 41. Rb4 Rxh2 42. Kd3 Rh3+ 43. e3 Rh1 44. Rxb6 Ra1 45. Ra6 h5 46. Ke2 Ra3 47. Ra8 Ra2+ 48. Kf3 Ra3 49. a5 Ra4 50. a6 Ra2 51. a7 Ra3 52. e6 fxe6 53. Rh8 1-0

[Event "FRA-ch op FIDE"]
[Site "Paris"]
[Date "1994.??.??"]
[Round "6"]
[White "Luce, Sebastien"]
[Black "Sahetchian, Armand"]
[Result "1-0"]
[WhiteElo "2390"]
[BlackElo "2140"]
[PlyCount "81"]
[EventDate "1994.??.??"]
[EventType "swiss"]
[EventRounds "9"]
[EventCountry "FRA"]
[SourceTitle "EXT 1998"]
[Source "ChessBase"]
[SourceDate "1997.11.17"]
[SourceVersion "1"]
[SourceVersionDate "1997.11.17"]
[SourceQuality "1"]

1. d4 Nf6 2. Nf3 e6 3. c4 d5 4. cxd5 exd5 5. Bg5 Be7 6. e3 c6 7. Qc2 h6 8. Bh4 0-0 9. Bd3 Na6 10. a3 Qa5+ 11. Qd2 Qxd2+ 12. Nfxd2 Nb8 13. Nc3 Be6 14. 0-0 Nbd7 15. Rfc1 g5 16. Bg3 Nh5 17. Ne2 Rfc8 18. h3 Nxg3 19. Nxg3 b6 20. Nf5 Bf8 21. g4 c5 22. Nf3 c4 23. Bc2 b5 24. h4 f6 25. hxg5 hxg5 26. e4 Bxf5 27. gxf5 dxe4 28. Bxe4 Rab8 29. Bd5+ Kg7 30. Be6 Rd8 31. a4 bxa4 32. Rxa4 Rb7 33. Rca1 Rb3 34. Nh2 Rd3 35. Rxc4 Bd6 36. Rxa7 Bxh2+ 37. Kxh2 Rh8+ 38. Kg2 Kh6 39. Rxd7 g4 40. d5 Kh5 41. Rg7 1-0

[Event "FRA-ch op FIDE"]
[Site "Paris"]
[Date "1994.??.??"]
[Round "4"]
[White "Luce, Sebastien"]
[Black "Seknadje Askenazi, Jose"]
[Result "1-0"]
[WhiteElo "2390"]
[BlackElo "2180"]
[PlyCount "75"]
[EventDate "1994.??.??"]
[EventType "swiss"]
[EventRounds "9"]
[EventCountry "FRA"]
[SourceTitle "EXT 1998"]
[Source "ChessBase"]
[SourceDate "1997.11.17"]
[SourceVersion "1"]
[SourceVersionDate "1997.11.17"]
[SourceQuality "1"]

1. d4 e6 2. Nf3 Nf6 3. c4 c5 4. g3 d5 5. cxd5 exd5 6. Bg2 h6 7. 0-0 Nc6 8. b3 cxd4 9. Nxd4 Bc5 10. Nxc6 bxc6 11. Qc2 Bd4 12. Nc3 0-0 13. Bb2 Bb6 14. Na4 Bd7 15. Nc5 Bg4 16. e3 Rc8 17. Rac1 Re8 18. h3 Be6 19. Rfd1 Qe7 20. Qc3 Bf5 21. b4 Bc7 22. Nb3 Qd7 23. Qxc6 Bxh3 24. Qxd7 Bxd7 25. Bxf6 gxf6 26. Rxd5 Be6 27. Rdc5 Bd6 28. Rxc8 Rxc8 29. Rxc8+ Bxc8 30. a3 Kf8 31. Bd5 Ke7 32. Kf1 Bf5 33. Ke2 Bc2 34. Nd4 Bg6 35. Nc6+ Kd7 36. Nxa7 Be5 37. Nb5 Bb2 38. Kd2 1-0

[Event "FRA-chT2 9495"]
[Site "France"]
[Date "1994.??.??"]
[Round "?"]
[White "Miralles, Gilles"]
[Black "Luce, Sebastien"]
[Result "1-0"]
[WhiteElo "2450"]
[BlackElo "2380"]
[PlyCount "63"]
[EventDate "1994.??.??"]
[EventType "team"]
[EventRounds "11"]
[EventCountry "FRA"]
[SourceTitle "EXT 2008"]
[Source "ChessBase"]
[SourceDate "2007.11.25"]
[SourceVersion "1"]
[SourceVersionDate "2007.11.25"]
[SourceQuality "1"]

1. d4 d5 2. c4 dxc4 3. Nf3 a6 4. e3 Nf6 5. Bxc4 e6 6. 0-0 c5 7. Qe2 b5 8. Bb3 Bb7 9. Rd1 Nbd7 10. Nc3 Qb8 11. Bc2 Bd6 12. dxc5 Bxc5 13. a3 Bd6 14. e4 0-0 15. Bg5 Ng4 16. h3 Nge5 17. Nxe5 Nxe5 18. Bb3 h6 19. Be3 Rc8 20. Rd2 Nc4 21. Bxc4 Rxc4 22. Rad1 Bf8 23. Qg4 f5 24. Qg6 Bxe4 25. Rd7 Bc6 26. Qxe6+ Kh8 27. Rf7 Qe8 28. Qxf5 Kg8 29. Rc7 Rd8 30. Rxd8 Qxd8 31. Qe6+ Kh8 32. Rc8 1-0

[Event "FRA"]
[Site "France"]
[Date "1993.??.??"]
[Round "?"]
[White "Andruet, Gilles"]
[Black "Luce, Sebastien"]
[Result "0-1"]
[WhiteElo "2360"]
[BlackElo "2360"]
[PlyCount "90"]
[EventDate "1993.??.??"]
[EventType "team"]
[EventRounds "11"]
[EventCountry "FRA"]
[SourceTitle "TD"]
[Source "ChessBase"]
[SourceDate "1994.03.01"]
[SourceVersion "1"]
[SourceVersionDate "1994.03.01"]
[SourceQuality "1"]

1. d4 c5 2. d5 e5 3. e4 d6 4. Nc3 Be7 5. Bb5+ Nd7 6. Nf3 a6 7. Be2 b5 8. a4 b4 9. Nb1 a5 10. Nbd2 Ngf6 11. 0-0 0-0 12. c3 g6 13. g3 Ne8 14. Ne1 Ng7 15. Ng2 Nb6 16. Nc4 Nxc4 17. Bxc4 Bf6 18. Bh6 Bg5 19. Bxg5 Qxg5 20. Qc1 Qe7 21. Re1 Bh3 22. Ne3 f5 23. exf5 Qf6 24. Bf1 Bxf5 25. Qd2 Bc8 26. Bb5 Ra7 27. Rac1 Qd8 28. Rc2 Raf7 29. Qc1 Rf3 30. Rd2 bxc3 31. bxc3 Qf6 32. Qb2 h5 33. Bf1 Qd8 34. Bd3 R3f6 35. Nc4 Bd7 36. Qc2 Qe8 37. Ra1 h4 38. Nxa5 Nh5 39. Nc4 Bf5 40. a5 e4 41. Qb2 exd3 42. a6 Bh3 43. a7 Qe4 44. Ne3 Qxe3 45. a8Q Qf3 0-1

[Event "Cappelle op 09th"]
[Site "Cappelle la Grande"]
[Date "1993.??.??"]
[Round "7"]
[White "Emms, John M"]
[Black "Luce, Sebastien"]
[Result "1/2-1/2"]
[WhiteElo "2450"]
[BlackElo "2360"]
[PlyCount "47"]
[EventDate "1993.02.??"]
[EventType "swiss"]
[EventRounds "9"]
[EventCountry "FRA"]
[SourceTitle "TD"]
[Source "ChessBase"]
[SourceDate "1994.03.01"]
[SourceVersion "1"]
[SourceVersionDate "1994.03.01"]
[SourceQuality "1"]

1. e4 c6 2. d4 d5 3. Nd2 dxe4 4. Nxe4 Nf6 5. Nxf6+ gxf6 6. Nf3 Bg4 7. Be2 e6 8. 0-0 Bg7 9. h3 Bh5 10. Be3 0-0 11. Qd2 Nd7 12. c3 Nb6 13. Bh6 Qd6 14. Rfe1 Rfd8 15. Nh2 Bxe2 16. Rxe2 Nc4 17. Qc1 Qf8 18. Ng4 Kh8 19. Qf4 f5 20. Bxg7+ Qxg7 21. Nh6 Nb6 22. Qh4 Nd5 23. Rae1 Rf8 24. g4 1/2-1/2

[Event "FRA-chT2"]
[Site "France"]
[Date "1993.??.??"]
[Round "?"]
[White "Jachym, Marc"]
[Black "Luce, Sebastien"]
[Result "0-1"]
[WhiteElo "2250"]
[BlackElo "2360"]
[PlyCount "108"]
[EventDate "1993.??.??"]
[EventType "team"]
[EventRounds "9"]
[EventCountry "FRA"]
[SourceTitle "TD"]
[Source "ChessBase"]
[SourceDate "1994.03.01"]
[SourceVersion "1"]
[SourceVersionDate "1994.03.01"]
[SourceQuality "1"]

1. Nf3 f5 2. c4 Nf6 3. Nc3 d6 4. d4 g6 5. b4 Bg7 6. Bb2 0-0 7. g3 c6 8. Bg2 Qc7 9. Qb3 Kh8 10. c5 a5 11. a3 axb4 12. axb4 Rxa1+ 13. Bxa1 Ne4 14. 0-0 Bf6 15. Bb2 Qd7 16. Ra1 Na6 17. cxd6 exd6 18. b5 cxb5 19. Nxb5 Nc7 20. Nxc7 Qxc7 21. Rc1 Qg7 22. Ba3 Qg8 23. Qxg8+ Kxg8 24. e3 Be6 25. Ne1 Ra8 26. Bxe4 fxe4 27. Bxd6 b5 28. f3 exf3 29. Nxf3 Ra6 30. Bc5 Bd5 31. Nd2 Ra2 32. Bb4 Ra4 33. Bc5 Bg5 34. Kf2 b4 35. Rc2 b3 36. Nxb3 Bxb3 37. Re2 Bc4 38. Rc2 Bd3 39. Rb2 Be4 40. h4 Bd8 41. Bd6 Kf7 42. Bf4 h5 43. Bd6 Ba5 44. Bf4 Bb4 45. Be5 Ke6 46. Bb8 Kf5 47. Be5 Kg4 48. Bb8 Bc3 49. Rb3 Ra2+ 50. Kg1 Rg2+ 51. Kf1 Rc2 52. Bf4 Kf3 53. Kg1 Rc1+ 54. Kh2 Kg4 0-1

[Event "Cappelle op 09th"]
[Site "Cappelle la Grande"]
[Date "1993.??.??"]
[Round "9"]
[White "Kishnev, Sergey"]
[Black "Luce, Sebastien"]
[Result "1/2-1/2"]
[WhiteElo "2510"]
[BlackElo "2360"]
[PlyCount "128"]
[EventDate "1993.02.??"]
[EventType "swiss"]
[EventRounds "9"]
[EventCountry "FRA"]
[SourceTitle "TD"]
[Source "ChessBase"]
[SourceDate "1994.03.01"]
[SourceVersion "1"]
[SourceVersionDate "1994.03.01"]
[SourceQuality "1"]

1. d4 d6 2. Nf3 Bg4 3. e4 c6 4. h3 Bh5 5. Bd3 e6 6. 0-0 Nf6 7. c4 Be7 8. Nc3 Nfd7 9. Be3 c5 10. g4 Bg6 11. d5 e5 12. Ne2 h5 13. g5 h4 14. Qd2 Nf8 15. Nh2 Rh5 16. f4 exf4 17. Nxf4 Rxg5+ 18. Ng4 Nbd7 19. Bc2 Qb6 20. Nxg6 Rxg6 21. Kh1 Qb4 22. Qf2 Rf6 23. Nxf6+ Bxf6 24. Bf4 Bd4 25. Qf3 Be5 26. Bb3 Bxf4 27. Qxf4 Ne5 28. Qxh4 b5 29. cxb5 Nfg6 30. Qe1 Qxb5 31. Qc3 Ke7 32. Rf2 Qd3 33. Qxd3 Nxd3 34. Rf3 Nge5 35. Rg3 g6 36. Bc2 Nxb2 37. Rb1 Nbc4 38. Rb7+ Kf6 39. Bd3 Nd2 40. Rb2 Nxd3 41. Rxd2 Nf4 42. Rf2 g5 43. h4 Rh8 44. Rg4 c4 45. Kh2 Ke7 46. Kg3 Nd3 47. Rc2 gxh4+ 48. Rxh4 Rg8+ 49. Rg4 Rc8 50. Rc3 Kf6 51. e5+ Nxe5 52. Rf4+ Kg5 53. Rf2 f5 54. Ra3 Rc7 55. Ra6 c3 56. Rc2 f4+ 57. Kg2 Kg4 58. Rxd6 Rc5 59. Rd8 Nd3 60. Kf1 f3 61. d6 Rb5 62. Kg1 f2+ 63. Rxf2 Nxf2 64. Kxf2 c2 1/2-1/2

[Event "Cappelle op 09th"]
[Site "Cappelle la Grande"]
[Date "1993.??.??"]
[Round "2"]
[White "Luce, Sebastien"]
[Black "Arkell, Keith C"]
[Result "0-1"]
[WhiteElo "2360"]
[BlackElo "2450"]
[PlyCount "78"]
[EventDate "1993.02.??"]
[EventType "swiss"]
[EventRounds "9"]
[EventCountry "FRA"]
[SourceTitle "TD"]
[Source "ChessBase"]
[SourceDate "1994.03.01"]
[SourceVersion "1"]
[SourceVersionDate "1994.03.01"]
[SourceQuality "1"]

1. d4 Nf6 2. Nf3 e6 3. g3 b5 4. Bg2 Bb7 5. 0-0 c5 6. c3 Be7 7. a4 b4 8. dxc5 Bxc5 9. Ne5 Bxg2 10. Kxg2 Qc7 11. Nd3 bxc3 12. Nxc3 Be7 13. Bd2 Qb7+ 14. f3 Nc6 15. Rb1 a5 16. Nb5 0-0 17. Qb3 Qb6 18. Qa2 Nd5 19. Rfc1 Rac8 20. Ra1 Ne3+ 21. Kh1 Nf5 22. Kg2 h5 23. Rab1 h4 24. gxh4 Bxh4 25. b4 axb4 26. Kh1 Be7 27. Rg1 Qa5 28. Qb3 Ra8 29. Nxb4 Nxb4 30. Bxb4 Bxb4 31. Qxb4 Qxa4 32. Qd2 d5 33. Nc3 Qd4 34. Qxd4 Nxd4 35. Rgd1 Nf5 36. e4 dxe4 37. Nxe4 Ra3 38. Rf1 Rc8 39. Ng3 Nh4 0-1

[Event "Paris-ch op"]
[Site "Paris"]
[Date "1993.??.??"]
[Round "2"]
[White "Luce, Sebastien"]
[Black "Badii, Madjid"]
[Result "1-0"]
[WhiteElo "2360"]
[BlackElo "2240"]
[PlyCount "41"]
[EventDate "1993.04.??"]
[EventType "swiss"]
[EventRounds "9"]
[EventCountry "FRA"]
[SourceTitle "TD"]
[Source "ChessBase"]
[SourceDate "1994.03.01"]
[SourceVersion "1"]
[SourceVersionDate "1994.03.01"]
[SourceQuality "1"]

1. c4 c5 2. Nf3 Nf6 3. g3 b6 4. Bg2 Bb7 5. 0-0 e6 6. b3 Be7 7. Nc3 d6 8. d4 cxd4 9. Qxd4 a6 10. Ba3 0-0 11. Rad1 Nc6 12. Qf4 e5 13. Qf5 g6 14. Qd3 Qc8 15. Qe3 Qc7 16. Nd5 Nxd5 17. cxd5 Nb8 18. Nxe5 Re8 19. Nxf7 Kxf7 20. Qe6+ Kf8 21. Rd3 1-0

[Event "Cappelle op 09th"]
[Site "Cappelle la Grande"]
[Date "1993.??.??"]
[Round "4"]
[White "Luce, Sebastien"]
[Black "Ivanov, Alexey"]
[Result "1-0"]
[WhiteElo "2360"]
[BlackElo "2505"]
[PlyCount "121"]
[EventDate "1993.02.??"]
[EventType "swiss"]
[EventRounds "9"]
[EventCountry "FRA"]
[SourceTitle "TD"]
[Source "ChessBase"]
[SourceDate "1994.03.01"]
[SourceVersion "1"]
[SourceVersionDate "1994.03.01"]
[SourceQuality "1"]

1. c4 e5 2. Nc3 Bb4 3. Nd5 Ba5 4. b4 c6 5. bxa5 cxd5 6. cxd5 Qxa5 7. e4 Nf6 8. f3 d6 9. Qb3 0-0 10. Ba3 Rd8 11. Rc1 Na6 12. Qc3 Qxc3 13. Rxc3 b6 14. Bxa6 Bxa6 15. Ne2 Ne8 16. Kf2 Rac8 17. Rhc1 f6 18. Bb4 Bb7 19. g4 Rxc3 20. Nxc3 Nc7 21. Rb1 Kf7 22. a4 Ke7 23. Nd1 Ba6 24. a5 bxa5 25. Bxa5 Rc8 26. Ra1 Bb5 27. Rb1 Ba6 28. Ra1 Bb5 29. Nc3 Bd7 30. Rb1 Na6 31. Ra1 Nc5 32. Ke3 Nb3 33. Ra3 Nd4 34. Ra2 Rb8 35. Ne2 Rb3+ 36. Bc3 Nb5 37. Kd3 Ra3 38. Rb2 a5 39. Kc2 a4 40. Nc1 Nxc3 41. dxc3 Ra1 42. c4 a3 43. Rb7 Kd8 44. Ra7 g6 45. h3 f5 46. c5 fxe4 47. fxe4 Bb5 48. Nb3 Rh1 49. cxd6 a2 50. Kc3 a1Q+ 51. Rxa1 Rxa1 52. Nxa1 g5 53. Nc2 Kd7 54. Ne3 Kxd6 55. Nc4+ Kc5 56. Nxe5 Bf1 57. Nd3+ Kd6 58. Kd4 Bxh3 59. e5+ Kd7 60. Nf2 Bg2 61. e6+ 1-0

[Event "FRA"]
[Site "France"]
[Date "1993.??.??"]
[Round "?"]
[White "Luce, Sebastien"]
[Black "Stranjakovitch, Jean"]
[Result "1-0"]
[WhiteElo "2360"]
[BlackElo "2280"]
[PlyCount "51"]
[EventDate "1993.??.??"]
[EventType "team"]
[EventRounds "11"]
[EventCountry "FRA"]
[SourceTitle "TD"]
[Source "ChessBase"]
[SourceDate "1994.03.01"]
[SourceVersion "1"]
[SourceVersionDate "1994.03.01"]
[SourceQuality "1"]

1. Nf3 g6 2. d4 Bg7 3. g3 d6 4. Bg2 f5 5. c3 Nf6 6. Qb3 c6 7. Ng5 d5 8. h4 0-0 9. Nd2 Qd6 10. Ndf3 Nh5 11. Nh3 Nd7 12. Nf4 Nxf4 13. Bxf4 e5 14. dxe5 Nxe5 15. h5 Qe7 16. Nxe5 Bxe5 17. hxg6 Bxf4 18. Rxh7 Qd6 19. gxf4 Qxg6 20. Rh3 Qd6 21. 0-0-0 Qxf4+ 22. e3 Qxf2 23. Bxd5+ Kg7 24. Qb4 cxd5 25. Qe7+ Rf7 26. Qg5+ 1-0

[Event "FRA"]
[Site "France"]
[Date "1993.??.??"]
[Round "?"]
[White "Santo Roman, Marc"]
[Black "Luce, Sebastien"]
[Result "1-0"]
[WhiteElo "2410"]
[BlackElo "2360"]
[PlyCount "164"]
[EventDate "1993.??.??"]
[EventType "team"]
[EventRounds "11"]
[EventCountry "FRA"]
[SourceTitle "TD"]
[Source "ChessBase"]
[SourceDate "1994.03.01"]
[SourceVersion "1"]
[SourceVersionDate "1994.03.01"]
[SourceQuality "1"]

1. e4 e6 2. d4 d5 3. Nc3 Bb4 4. e5 Qd7 5. a3 Bxc3+ 6. bxc3 b6 7. Bd3 Ba6 8. Qg4 g6 9. a4 c5 10. Nf3 c4 11. Be2 Nc6 12. h4 h5 13. Qg3 0-0-0 14. Bg5 Rf8 15. Qf4 Bb7 16. 0-0 Na5 17. Rfe1 Bc6 18. Qc1 Kb7 19. Qa3 Rb8 20. Nh2 Ka8 21. Nf3 Qe8 22. Bf1 Rb7 23. g3 Rb8 24. Bh3 Nb7 25. Qb4 Qf8 26. Nd2 Re8 27. Bg2 Na5 28. Nb1 Ne7 29. Na3 Nc8 30. Nb5 Kb8 31. Reb1 Qxb4 32. cxb4 Nb7 33. Nc3 Kc7 34. Re1 Ne7 35. Ne2 a6 36. c3 Nd8 37. Nf4 Bb7 38. Bf3 Rhg8 39. Ra2 Nf5 40. Rd2 Bc6 41. Bd1 Bd7 42. Kg2 Nc6 43. Bc2 Nfxd4 44. Rxd4 Nxd4 45. cxd4 Kb7 46. Ne2 c3 47. Rc1 Rc8 48. Bb3 c2 49. Rxc2 Rxc2 50. Bxc2 Rc8 51. Bb3 Ra8 52. Nc3 Kc7 53. Kf3 Bc6 54. Bf6 Kd7 55. Kf4 Ke8 56. f3 Kf8 57. g4 Rc8 58. Na2 Be8 59. Ke3 Bd7 60. Kd2 Be8 61. Nc3 Bd7 62. Bg5 Be8 63. Kd3 Bd7 64. Ne2 Be8 65. Ng3 Ra8 66. gxh5 gxh5 67. Nxh5 f5 68. Nf4 Bf7 69. Bf6 Kg8 70. Nh3 b5 71. a5 Rc8 72. Kd2 Kf8 73. Nf4 Kg8 74. Nd3 Kh7 75. Nc5 Ra8 76. Ke3 Kg6 77. Bc2 Kh5 78. Bd3 Kg6 79. Kd2 Kh7 80. Kc3 Kg8 81. Kb3 Kf8 82. f4 Ra7 1-0

[Event "FRA"]
[Site "France"]
[Date "1993.??.??"]
[Round "?"]
[White "Touzane, Olivier"]
[Black "Luce, Sebastien"]
[Result "0-1"]
[WhiteElo "2200"]
[BlackElo "2360"]
[PlyCount "104"]
[EventDate "1993.??.??"]
[EventType "team"]
[EventRounds "11"]
[EventCountry "FRA"]
[SourceTitle "TD"]
[Source "ChessBase"]
[SourceDate "1994.03.01"]
[SourceVersion "1"]
[SourceVersionDate "1994.03.01"]
[SourceQuality "1"]

1. d4 d6 2. e4 e5 3. Nf3 Nf6 4. dxe5 Nxe4 5. Bc4 c6 6. 0-0 d5 7. Bd3 Nc5 8. Be2 Ne6 9. c4 d4 10. Ne1 Nc5 11. Nd3 Bf5 12. Nxc5 Bxc5 13. Bd3 Bxd3 14. Qxd3 0-0 15. Nd2 Qe7 16. Nf3 h6 17. Re1 Bb4 18. Re2 c5 19. a3 Ba5 20. b4 Bb6 21. Bd2 Nc6 22. b5 Nd8 23. Re4 a6 24. Rg4 Qe6 25. Rg3 axb5 26. cxb5 Ba5 27. Bc1 Bc3 28. Rb1 f5 29. exf6 Rxf6 30. Bxh6 Rxh6 31. Ng5 Qd5 32. Ne4 Rxa3 33. Qf3 Qf7 34. Qg4 Bb4 35. Qc8 Qf8 36. f3 d3 37. Qd7 d2 38. Ng5 Nf7 39. Ne6 Rxe6 40. Qxe6 Rd3 41. Qe2 c4 42. Rd1 Qd8 43. Qe6 c3 44. Qb3 c2 45. Qxc2 Qd4+ 46. Kh1 Re3 47. h4 Re1+ 48. Kh2 Qxh4+ 49. Rh3 Bd6+ 50. g3 Re2+ 51. Kg1 Qxh3 52. Qc8+ Qxc8 0-1

[Event "FRA-chT"]
[Site "France"]
[Date "1992.??.??"]
[Round "?"]
[White "Kappler, Jean Marie"]
[Black "Luce, Sebastien"]
[Result "1/2-1/2"]
[WhiteElo "2280"]
[BlackElo "2400"]
[PlyCount "75"]
[EventDate "1992.??.??"]
[EventType "team"]
[EventRounds "8"]
[EventCountry "FRA"]
[SourceTitle "EXT 1997"]
[Source "ChessBase"]
[SourceDate "1996.11.15"]
[SourceVersion "1"]
[SourceVersionDate "1996.11.15"]
[SourceQuality "1"]

1. e4 e6 2. d4 d5 3. e5 c5 4. Qg4 Qa5+ 5. Nd2 Nc6 6. dxc5 Nh6 7. Qf4 Bxc5 8. c3 Qd8 9. Nb3 Bb6 10. Nf3 Bc7 11. Bd3 f6 12. Qg3 Kf7 13. Bxh6 gxh6 14. Qf4 Nxe5 15. Nxe5+ Bxe5 16. Qxh6 Qg8 17. f4 Bd6 18. 0-0 Qg7 19. Qh5+ Kf8 20. Rf3 f5 21. c4 d4 22. Re1 Bd7 23. c5 Be7 24. Bc4 Qf6 25. Rf2 Rg8 26. g3 Rg6 27. Rfe2 Qf7 28. Qf3 Qg7 29. Re5 Rh6 30. Qe2 Bf6 31. Rxe6 Bxe6 32. Qxe6 Rxh2 33. c6 Rh1+ 34. Kf2 Rh2+ 35. Kf1 Rh1+ 36. Kf2 Rh2+ 37. Kf1 Rh1+ 38. Kf2 1/2-1/2